00582nam a2200169Ia 450000500170000000800410001702000370005808200200009510000200011524500520013525000120018726000380019965000250023794200070026299900150026995201280028420260407095750.0251127s9999 xx 000 0 und d a0136450865 (textbook binding) |  a658.562 bMIT-F aMitra, Amitava. 0aFundamentals of Quality Control and Improvement a2nd ed. aUpper Saddle RiverbPrentice Hall aManagement Sciences  cBK c8962d8962 001040708Management Science aAUSCbAUSCcManagement Scienced2015-06-02eNot available.i9480o658.562 MIT-FpP0896yBK